000 00481nam a2200181 a 4500
001 2060
005 20140414131912.0
008 040111s19uu xx 00 eng d
020 _a0-7214-1732-9
050 _aER
_bEv2 1994
100 _aMendes, Valerie
245 _aEveryday English /
_cValerie Mendes.
260 _aU.K :
_bLadybird,
_c1994.
300 _a27 p. : ill. ; cm.
440 _aEnglish for beginners
650 _aReading
_xJuvenile literature.
999 _c111257
_d111257